00466nam a2200193 a 4500001001300000003000900013005001700022008004100039020001000080082001700090100001800107245003500125260002800160300000900188500003500197505001000232650001200242700001800254nice12345678IN_TiNIC20260116011533.0050524s1967 egya grp 000 0 ara  ac10000a231.044bMAN aMansur, Yassi aRasalat-Ut-Tathlith Wat Tauhid aEgyptbAlexandriac1967 a286p aincludes index and biblioraphy2 aIndex aTrinity1 aMansur, Yassi